UBT Library

Fix it, clean it, and make it last : (Record no. 42616)

000 -LEADER
fixed length control field 00872cam a2200253 a 4500
001 - CONTROL NUMBER
control field 12329998
005 - DATE AND TIME OF LATEST TRANSACTION
control field 20180215043906.0
008 - FIXED-LENGTH DATA ELEMENTS--GENERAL INFORMATION
fixed length control field 010228s1998 gaua 001 0 eng d
010 ## - LIBRARY OF CONGRESS CONTROL NUMBER
LC control number 2001274897
020 ## - INTERNATIONAL STANDARD BOOK NUMBER
International Standard Book Number 1890957267
035 ## - SYSTEM CONTROL NUMBER
System control number (OCoLC)ocm42286153
040 ## - CATALOGING SOURCE
Original cataloging agency CHY
Transcribing agency CHY
Modifying agency DLC
041 ## - LANGUAGE CODE
Language code of text/sound track or separate title eng
042 ## - AUTHENTICATION CODE
Authentication code lccopycat
080 ## - UNIVERSAL DECIMAL CLASSIFICATION NUMBER
Universal Decimal Classification number 640 FC
082 00 - DEWEY DECIMAL CLASSIFICATION NUMBER
Classification number 640 FC
Edition number 21
100 ## - Rafti
Rafti 41
101 ## - Shkurtesa
Shkurtesa NDE
245 00 - TITLE STATEMENT
Title Fix it, clean it, and make it last :
Statement of responsibility, etc by the editors of FC&A.
246 3# - VARYING FORM OF TITLE
Title proper/short title Ultimate guide to making your household items last forever
906 ## - LOCAL DATA ELEMENT F, LDF (RLIN)
a 7
b cbc
c copycat
d 2
e ncip
f 20
g y-gencatlg
942 ## - ADDED ENTRY ELEMENTS (KOHA)
Source of classification or shelving scheme
Item type Books
Holdings
Withdrawn status Lost status Source of classification or shelving scheme Damaged status Not for loan Collection code Permanent location Current location Shelving location Date acquired Total Checkouts Full call number Barcode Date last seen Price effective from Koha item type
          Koleksioni i përgjithshem UBT - Lipjan UBT - Lipjan Koleksioni i përgjithshem 02/15/2018   640 FC 002-2997391 02/15/2018 02/15/2018 Books
UBT Library © 2015-2024. All rights reserved University Education for Business and Technology